| 000 | 00762nam a2200241 i 4500 | ||
|---|---|---|---|
| 001 | 180864 | ||
| 003 | ES-MaACL | ||
| 005 | 20251004063223.0 | ||
| 008 | 120723s1991 sp ao |||| | spa d | ||
| 020 | _a84-7679-199-2 | ||
| 080 | _a7.032.6(460) | ||
| 100 | 1 |
_aOlmos, Ricardo, _d1946- _9151145 |
|
| 245 | 1 | 3 |
_aEl arte griego en España / _cpor Ricardo Olmos. |
| 260 |
_aMadrid : _bHistoria Viva, _c[1991] |
||
| 300 |
_aVIII, 31 p. : _bil. col. y n. ; _c24 cm. |
||
| 490 | 1 |
_aCuadernos de arte español ; _v62 |
|
| 504 | _aBibliografía: p. 31. | ||
| 594 | _aEn cub.: Historia 16. | ||
| 650 | 7 |
_aArte griego- _zEspaña. _9151264 |
|
| 830 | 0 | 0 |
_aCuadernos de arte español _v62 _9191338 |
| 852 |
_aES-MaACL _j2314-F-38 |
||
| 999 |
_c180864 _d180864 |
||